000 01462nam a2200349 i 4500
001 768714001
003 CO-MdFUSB
005 20230915102251.0
007 ca aa aaaaa
008 230915t2020 -us |||| |||| 00| 0 spa d
020 _a9780801098673
_qelectrónico
040 _aCO-MdFUSB
_bspa
_cCO-MdFUSB
_dCO-MdFUSBC
_erda
041 _aspa
082 _223
_a251
100 _aAlcántara, Jared E.,
_eautor
245 1 4 _aLas prácticas de la predicación cristiana :
_brudimentos para la proclamación eficaz
_c/ Jared E. Alcántara
_h[electrónico]
264 1 _aGrand Rapids, Michigan :
_bBaker Academic,
_c[2020]
264 4 _c©2020
300 _a228 páginas
_c;
336 _2rdacontent
_atexto
_btxt
337 _2rdamedia
_ainformático
_bc
338 _2rdacarrier
_aremoto
_bcr
505 _aPredique sermones cristianos. -- Predique convencido. -- Predique de forma contextual. -- Predique con claridad. -- Predique de manera concreta. -- Predique de un modo creativo. -- Conclusión.
506 _aSolicitar clave y usuario para acceder al libro electrónico.
650 0 _954
_aPredicación
650 7 _9385
_aReligión
856 _b2471280
_uhttp://search.ebscohost.com/login.aspx?direct=true&scope=site&db=nlebk&db=nlabk&AN=2471280
_zAbrir Versión electrónica del libro Las prácticas de la predicación cristiana
942 _cBK
945 _aJTF-925
999 _c69006
_d69006